| 000 | 00690nam a2200205 a 4500 | ||
|---|---|---|---|
| 001 | 000016522 | ||
| 005 | 20200929164926.0 | ||
| 008 | 100308s1998 mx a 000 0 spa d | ||
| 020 | _a9684443439 | ||
| 040 |
_aDO-SdBNP _bspa _cBNPHU |
||
| 082 |
_axxx _bC157c |
||
| 100 | 1 |
_aCalleja Bernal, Francisco Javier _936758 |
|
| 245 | 1 | 0 |
_aContabilidad financiera 2 / _cFrancisco Javier Calleja Bernal. |
| 260 |
_aMéxico D.F. : _bAddison Wesley Longman _bITESM, _c1998. |
||
| 300 |
_a247 p. : _bil. ; _c27 cm. |
||
| 500 | _aIncluye índice de materias | ||
| 504 | _aIncluye bibliografía [p. 243] | ||
| 710 | 2 |
_aInstituto Tecnológico y de Estudios Superiores de Monterrey _936759 |
|
| 049 | _aBNPD | ||
| 999 |
_c16056 _d16056 |
||